Human - Rag’n’Bone Man - All Lyrics - Statistics

General Stats
  • This quiz has been taken 112 times
  • The average score is 292 of 347
Answer Stats
Answer % Correct
I
100%
Oh,
100%
(Oh-oh)
100%
(Oh-oh-oh)
100%
on
100%
a
98%
all
98%
human
98%
human,
98%
(Human)
98%
I'm
98%
I’m
98%
the
98%
after
97%
do
97%
Do
97%
me
97%
only
97%
only,
97%
blame
94%
Don’t
94%
Don't
94%
don’t
94%
put
94%
you
94%
You
94%
your
90%
can
84%
so
84%
what
83%
go
79%
see
76%
see?
76%
Some
76%
some
76%
Got
75%
got
75%
no
75%
lie
73%
people
71%
this
71%
blind
70%
Maybe
70%
maybe
70%
real
70%
Then
70%
think
70%
to
70%
it,
68%
it
68%
foolish,
67%
man,
65%
and
63%
problems
63%
through
62%
above
60%
behind
60%
in
60%
But
59%
heavens
57%
Take
57%
look
56%
You’re
56%
'Cause
52%
just
52%
them
52%
what's
52%
Lord
51%
make
51%
mirror
51%
my
51%
of
51%
or
49%
solve
49%
Thinking
48%
believe?
46%
prove
46%
ask
44%
for
44%
mistakes
44%
out
44%
opinion,
43%
way
43%
are
40%
clearer
40%
luck
40%
cry,
38%
cry
38%
making
37%
Messiah
35%
prophet
35%
higher
33%
takes
33%
that's
32%
beg
30%
somewhere
30%
deceived
29%
should
29%
forgiveness
27%
lying
27%
looking
25%
No matching quizzes found
Score Distribution
Percent of People with Each Score
Percentile by Number Answered
Your Score History
You have not taken this quiz